000 00506nam a2200181Ia 4500
008 240925s9999 xx 000 0 und d
020 _a9812530754
082 _a621.319 KIM
100 _aKimbark ,Edward Wilson
245 0 _aPower Systems Stability: elements of stability calculations
250 _aNA
260 _aNew York:
_bJohn Wiley & Sons
_c,2004.
300 _axxiv,621p.
_bNA
_fOriginal
500 _aIncludes Index
600 _aElectronic Engineering
650 _aTechnology
942 _cBK
999 _c8348
_d8348